000 00608nam a22001937a 4500
005 20241213150859.0
010 _aENG-143052
020 _c499.00
_a9789392568763
035 _aEN-126584
037 _bDBAD/PUB
082 _a615.321
100 _a Shridhar,R
_975165
245 _aNew Education Regulations/
_cR Shridhar and Mariyam Ahmed
260 _aChhattisgarh
_bAditi Publication
270 _bChhattisgarg
_aOpp. New Panchajanya Vidya Mandir, Near Trianga Chowk
_k9425210308
300 _a140p.
_c21cm(bpk)
700 _aMariyam Ahmed
_975166
942 _2ddc
_cEN
_h615.321
_mSHR
999 _c207696
_d207696